000 00318nam a2200133Ia 4500
100 _aRangan/C.S
650 _aINSTRUMENTATION
942 _cBK
245 _aInstrumentation Devices and systems
260 _bTata Mc Graw hill Ltd.
_aNew Delhi
_c1983
082 _a620.0028/RAN
_bRAN
546 _aENGLISH
999 _c30945
_d30945